Detalles MARC
| 000 -LIDER |
| fixed length control field |
01522nam a2200313 a 4500 |
| 001 - NÚMERO DE CONTROL |
| Identificador de número de control |
000020601 |
| 003 - IDENTIFICACDOR DE NÚMERO DE CONTROL |
| control field |
DO-SdBNP |
| 005 - DATE AND TIME OF LATEST TRANSACTION |
| control field |
20231109083455.0 |
| 008 - ELEMENTOS DE LONGITUD FIJA |
| fixed length control field |
100810s2019 dr a 000 0 spa d |
| 020 ## - ISBN |
| International Standard Book Number |
9789945803105 |
| 040 ## - FUENTE DE CATALOGACIÓN |
| Agencia que crea de manera original el registro |
DO-SdBNP |
| Idioma de catalogación |
spa |
| Agencia que realiza la transcripción |
BPMSU |
| 082 #2 - NÚMERO DE CLASIFICACIÓN DECIMAL DE DEWEY |
| Classification number |
781.64097293 |
| Item number |
C764p 2019 |
| Edition number |
22 |
| 100 1# - ASIENTO PRINCIPAL -- NOMBRE PERSONAL |
| Nombre personal |
Contreras, Marivell |
| 100 z# - ASIENTO PRINCIPAL -- NOMBRE PERSONAL |
| Nombre personal |
C., Marivell |
| 245 13 - MENCIÓN DE TITULO |
| Título |
El primer bachatero del mundo : |
| Subtítulo |
Calderón / |
| Mención de responsabilidad |
Marivell Contreras, José Manuel Calderón ; cuidado de la edición Alexis Méndez ; correccion de estilo Mario de San Juan, Frank Martínez. |
| 260 ## - PUBLICACIÓN, DISTRIBUCIÓN, ETC. (PIE DE IMPRENTA) |
| Lugar de publicación, distribución, etc |
Santo Domingo : |
| Nombre del editor, distribuidor, etc. |
Editora Búho, |
| Fecha de publicación, distribución, etc |
2019. |
| 300 ## - DESCRIPCIÓN FÍSICA |
| Extensión |
520 p. : |
| Otros detalles físicos |
il. ; |
| Dimensiones |
24 cm. |
| 505 0# - NOTA DE CONTENIDO |
| Texto normalizado de contenido |
De estudios y opiniones -- De la bachata y Calderón -- Orígenes : biografías compartida -- De la bachata y El pionero -- Lo que no se ha dicho de la bachata --El pionero en el ámbito internacional --Grabaciones, discos, canciones. -- Calderón: medios -- Trayectoria : premios y reconocimientos --Lo que dicen los libros de Calderón --Coclusión. |
| 590 ## - NOTA LOCAL |
| Texto de la nota local |
Inventariado, 2019/VM |
| 600 14 - ENCABEZAMIENTO DE MATERIA--NOMBRE PERSONAL |
| Nombre personal |
Calderón, José Manuel |
| Fechas asociadas con el nombre |
1941- |
| 650 #4 - ENCABEZAMIENTO DE MATERIA--TEMÁTICO |
| Término temático o nombre geográfico como elemento de entrada |
Bachata |
| Subdivisión temática general |
Historia y crítica |
| 650 #4 - ENCABEZAMIENTO DE MATERIA--TEMÁTICO |
| Término temático o nombre geográfico como elemento de entrada |
Música popular dominicana |
| Subdivisión temática general |
Historia y crítica |
| 651 #4 - ENCABEZAMIENTO DE MATERIA--NOMBRE GEOGRÁFICO |
| Nombre geográfico |
República Dominicana |
| Subdivisión temática general |
Vida social y costumbres |
| 700 1# - ASIENTO SECUNDARIO -- NOMBRE PERSONAL |
| Nombre personal |
Calderón, José Manuel |
| Fechas asociadas con el nombre |
1941- |
| Mención de responsabilidad |
Autor |
| 700 1# - ASIENTO SECUNDARIO -- NOMBRE PERSONAL |
| Nombre personal |
Méndez, Alexis |
| Mención de responsabilidad |
editor |
| 700 1# - ASIENTO SECUNDARIO -- NOMBRE PERSONAL |
| Nombre personal |
San Juan, Mario, Martínez, Frank |
| Mención de responsabilidad |
Corrección de estilo |
| 910 ## - VALIDACIÓN |
| Validación |
VMateo V. Control de calidad. BPMSU |
| 942 ## - ADDED ENTRY ELEMENTS (KOHA) |
| Source of classification or shelving scheme |
Dewey Decimal Classification |
| Koha item type |
Libros |